Biological membranes : a practical approach /

Bibliographic Details
Other Authors: Findlay, J. B. C., Evans, W. Howard
Format: Book
Language:English
Published: Oxford ; Washington, D.C. : IRL, [1987]
Series:Practical approach series.
Subjects:

MARC

Tag First Indicator Second Indicator Subfields
LEADER 00000cam a22000008a 4500
001 in00000007433
005 20151005080016.0
008 870513s1987 enka b 00100 eng d
010 |a gb 87026591  
015 |a GB87-26591 
020 |a 0947946845 (cased) :  |c £27.00 (June) 
020 |a 0947946837 (pbk) :  |c £17.00 
035 |a (OCoLC)16085558 
035 |9 AAA1926AM 
040 |a UKM  |c UKM  |d TXA  |d UtOrBLW 
049 |a TXAM  |c [A10761710] 
050 4 |a QH601  |b .B49 1987 
245 0 0 |a Biological membranes :  |b a practical approach /  |c edited by J.B.C. Findlay, W.H. Evans. 
264 1 |a Oxford ;  |a Washington, D.C. :  |b IRL,  |c [1987] 
264 4 |c ©1987 
300 |a xv, 304 pages :  |b illustrations ;  |c 23 cm. 
336 |a text  |b txt  |2 rdacontent 
337 |a unmediated  |b n  |2 rdamedia 
338 |a volume  |b nc  |2 rdacarrier 
490 1 |a Practical approach series 
500 |a Includes bibliographical references and index. 
650 0 |a Membranes (Biology) 
700 1 |a Findlay, J. B. C. 
700 1 |a Evans, W. Howard. 
830 0 |a Practical approach series. 
999 |a MARS 
999 f f |s 6d5b7f9b-a57e-3191-99a1-370a4e7ad92d  |i d4a14bcc-60e5-355a-add6-21b875a80eab  |t 0 
952 f f |p ric  |a Texas A&M University  |b Rellis Campus  |c Joint Library Facility  |d Remote Storage  |t 0  |e QH601 .B49 1987  |h Library of Congress classification  |i unmediated -- volume  |m A14810761710 
998 f f |a QH601 .B49 1987  |t 0  |l Remote Storage